000 00301nam a22001337a 4500
020 _a818869712-5
082 _a823
_bHOL/G
100 _aHOLMES,SHERLOCK
245 _aGREAT WORKS OF SHERLOCK HOLMES
260 _aDELHI
_bBLACK ROSE PUBLICATION
300 _a820
650 _aNOVEL
_zDELHI
942 _cBK
999 _c3598
_d3598